000 00441nam a2200181Ia 4500
001 8381
005 20260306160605.0
008 260306t2005||||xx |||||||||||||| ||spa||
041 _aESP
082 _a370.7
_bQ49
100 _aQuintero Mejía, Marieta
_eAUT
245 0 _a¿Qué significa investigar en educación?
260 _c2005
300 _a129 páginas :
_c24 cm.
650 _aGEN
654 _aCED
942 _cLIB
_dJUS
_fJUS
_2ddc
_n
999 _c8381
_d8381